00595nam a2200205 a 450000500170000000800410001701000140005802000110007203500130008303700160009604000180011208200100013010000300014024500600017026000300023030000240026050000410028452000520032565000120037720070119085348.0060831s2006 ii b 000 0 eng  aENG-91373 c160.00 aEN-74906 bDBAD / PUB adplbEnglish  a305.8 aThaninayagam, J. Vincent  aThe traces of the racism /cby J. Vincent Thaninayagam  aChennaibThe PARKARc2008 a174p. c22cm (pbk)  aIncludes bibliographical references  aHistory of Kashmiri Pandits and Kashmir, India. 2 Racism